000 00410pab a2200145 454500
008 180718b1983 xxu||||| |||| 00| 0 eng d
100 _aMitchell, Neil J.
245 _aIdeology or the iron laws of industrialism
_bThe case of pension policy in Britain and the Soviet Union
260 _c1983
300 _a177-201
362 _aJan.
650 _aPensions
773 _aComparative Politics
909 _a14785
999 _c14785
_d14785